000 00474nam a2200205Ia 4500
008 240510s9999 xx 000 0 und d
020 _a9780070656642
041 _aEng
082 _a658.401
082 _bL25
100 _aLEON, Alexis
245 0 _aERP DEMYSTIFIED
250 _a2nd ed.
260 _bNew Delhi : Tata McGraw Hill Publishing
260 _c2008
300 _a585 p.
650 _aResource Planning ; Management
942 _2ddc
942 _cRBK
999 _c28413
_d28413
945 _a1
_bMadushi Gamage
_c1
_dMadushi Gamage